What are the hazards? (Record no. 72343)

MARC details
000 -LEADER
fixed length control field 01004cam a2200205 4500
001 - CONTROL NUMBER
control field X121727
008 - FIXED-LENGTH DATA ELEMENTS--GENERAL INFORMATION
fixed length control field 030325n2003 000 0 eng u
035 ## - SYSTEM CONTROL NUMBER
System control number (Sirsi) u121727
245 ## - TITLE STATEMENT
Title What are the hazards?
260 ## - PUBLICATION, DISTRIBUTION, ETC.
Date of publication, distribution, etc. 2003
490 ## - SERIES STATEMENT
Series statement Essential FM Report
Volume/sequential designation February 2003, 5-6(2)
520 ## - SUMMARY, ETC.
Summary, etc. Considers best practice in the provision of hazard management. Includes the variety of problems that should be assessed including weather impacts and loss of communications. Mentions other external threats such as terrorism and PR disasters. Argues that vulnerability to threats is affected by company size, location and neighbouring businesses. With a table of a hazard matrix which considers the main factors for a hazard assessment.
650 ## - SUBJECT ADDED ENTRY--TOPICAL TERM
Topical term or geographic name entry element HAZARD INDENTIFICATION
650 ## - SUBJECT ADDED ENTRY--TOPICAL TERM
Topical term or geographic name entry element MANAGEMENT-RICS PRESIDENT'S COMMISSION ON MAJOR DISASTER MANAGMENT
650 ## - SUBJECT ADDED ENTRY--TOPICAL TERM
Topical term or geographic name entry element TERRORISM
650 ## - SUBJECT ADDED ENTRY--TOPICAL TERM
Topical term or geographic name entry element COMMUNICATIONS
650 ## - SUBJECT ADDED ENTRY--TOPICAL TERM
Topical term or geographic name entry element COMPANY SIZE
690 ## - LOCAL SUBJECT ADDED ENTRY--TOPICAL TERM (OCLC, RLIN)
Topical term or geographic name as entry element MANAGEMENT-BUSINESS MANAGEMENT
942 ## - ADDED ENTRY ELEMENTS (KOHA)
Suppress in OPAC 0
Holdings
Withdrawn status Lost status Source of classification or shelving scheme Damaged status Not for loan Home library Current library Shelving location Date acquired Total Checkouts Full call number Barcode Date last seen Copy number Price effective from Koha item type
    Dewey Decimal Classification     London London Journal article 25/03/2003   X121727 121727-1001 06/08/2019 1 06/08/2019 Journal article